Statistiques concernant Laurent Baffie : Pièces

Cliquez ici pour prendre le quiz!

Statistiques générales

  • Ce quiz a été pris 8 fois
  • Le résultat moyen est 4 sur 7

Statistiques - réponses

Année Pièces % Correct
2005Toc Toc
100%
2011Les Bonobos
86%
2001Sexe, Magouilles et Culture Générale
71%
2014Sans Filtre
57%
2008Un Point C'est Tout !
43%
2010Laurent Baffie Est Un Sale Gosse
43%
2016Jacques Daniel
29%

Distribution des résultats

Percentile par nombre de réponses

% des personnes avec chaque résultat

Votre développement - résultats

Vous n’avez pas pris ce quiz